[Event "C.to Provinciale PC"]
[Site "Piacenza ITA"]
[Date "2014.04.13"]
[Round "4"]
[White "Falsetti, Paolo"]
[Black "Speciale, Francesco"]
[WhiteElo "1875"]
[BlackElo "1872"]
[Result "1-0"]
[PlyCount "143"]
[EventDate "2014.04.11"]

1. Nf3 Nf6 2. g3 g6 3. Bg2 Bg7 4. c4 d6 5. d4 O-O 6. Nc3 c6 7. O-O Re8 8. e4
Bg4 9. h3 Bxf3 10. Bxf3 e5 11. Be3 Nbd7 12. d5 Nb6 13. dxc6 bxc6 14. Qd3 Qc7
15. b4 Rad8 16. Rac1 Qc8 17. a4 Qxh3 18. a5 Nc8 19. b5 c5 20. Qe2 h6 21. Rfd1
Kh7 22. Rd2 Qe6 23. Rcd1 Qe7 24. Rd3 Qc7 25. Qa2 Bf8 26. Rb1 Rd7 27. Kg2 Bg7
28. Rbd1 Bf8 29. Qa4 Rdd8 30. Ra1 Rd7 31. Kg1 Rdd8 32. Qc2 Bg7 33. Qd2 Ne7 34.
b6 axb6 35. Nb5 Qc6 36. a6 Nc8 37. a7 Ne7 38. Rxd6 Rxd6 39. Qxd6 Qxd6 40. Nxd6
Ra8 41. Bg2 Nc6 42. Nb5 g5 43. f4 Ng4 44. Bd2 exf4 45. Ra4 Be5 46. Bf3 h5 47.
gxf4 gxf4 48. Kg2 Kg6 49. Ra3 f6 50. Ra6 Nd4 51. Bxf4 Nxb5 52. cxb5 Bxf4 53. e5
Rxa7 54. Rxa7 Nxe5 55. Rb7 Nc4 56. Be4+ f5 57. Bd3 Na3 58. Rxb6+ Kg5 59. Ra6 c4
60. Rxa3 cxd3 61. Rxd3 Kg4 62. Rb3 h4 63. b6 Bb8 64. b7 f4 65. Rc3 Be5 66. Rc8
h3+ 67. Kh1 f3 68. Rg8+ Kh4 69. b8=Q Bxb8 70. Rxb8 f2 71. Rf8 Kg3 72. Rf7 1-0

[Event "C.to Provinciale PC"]
[Site "Piacenza ITA"]
[Date "2014.04.13"]
[Round "4"]
[White "Losi, Paolo"]
[Black "Biselli, Fabrizio"]
[WhiteElo "1743"]
[BlackElo "1465"]
[Result "1-0"]
[PlyCount "107"]
[EventDate "2014.04.11"]

1. d4 Nf6 2. Nf3 d5 3. c4 e6 4. Nc3 c6 5. Bg5 Nbd7 6. e3 Be7 7. Qc2 O-O 8. cxd5
exd5 9. Bd3 h6 10. h4 Re8 11. Bf4 Nf8 12. Be5 b5 13. h5 a6 14. Bf5 Bxf5 15.
Qxf5 N8h7 16. g4 b4 17. Ne2 Ne4 18. Nf4 Nhg5 19. Nxg5 Bxg5 20. Nd3 a5 21. Rc1
f6 22. Bf4 Rc8 23. Bxg5 hxg5 24. h6 gxh6 25. Rxh6 Qe7 26. Kf1 Rc7 27. Kg2 Qe6
28. Rch1 Qxf5 29. gxf5 Rg7 30. Rh8+ Kf7 31. Rxe8 Kxe8 32. Rh8+ Kd7 33. Ra8 Kd6
34. Rxa5 c5 35. dxc5+ Nxc5 36. Rxc5 Re7 37. Rb5 Ra7 38. Nc1 Ke5 39. Nd3+ Kxf5
40. Rxd5+ Ke6 41. Nxb4 Rxa2 42. Nxa2 Kxd5 43. Kf3 f5 44. Nc1 Ke5 45. Nd3+ Kd5
46. Kg3 Ke4 47. Nc5+ Kd5 48. Nd7 Ke4 49. Nf6+ Ke5 50. e4 fxe4 51. Nxe4 Kxe4 52.
Kg4 Kd3 53. Kxg5 Kc4 54. f4 1-0

[Event "C.to Provinciale PC"]
[Site "Piacenza ITA"]
[Date "2014.04.13"]
[Round "4"]
[White "Marchesotti, Giovanni"]
[Black "Trifoni, Giorgio"]
[WhiteElo "1541"]
[BlackElo "1674"]
[Result "0-1"]
[PlyCount "60"]
[EventDate "2014.04.11"]

1. b3 e5 2. Bb2 d6 3. c4 b6 4. d3 Bb7 5. Nd2 Nf6 6. e4 Nc6 7. Ngf3 Be7 8. Be2
O-O 9. O-O a5 10. a3 Nh5 11. Nxe5 Nxe5 12. Bxh5 Nxd3 13. Bc3 Bf6 14. Qc2 Nf4
15. Bf3 Bxc3 16. Qxc3 Qg5 17. Kh1 f5 18. g3 Ng6 19. h4 Nxh4 20. gxh4 Qxh4+ 21.
Kg1 fxe4 22. Bg2 Qg5 23. Qe3 Rf4 24. f3 Raf8 25. Rf2 h5 26. Kf1 Qg3 27. Ke1
exf3 28. Qe6+ Kh8 29. Nf1 fxg2 30. Nxg3 g1=Q+ 0-1

[Event "C.to Provinciale PC"]
[Site "Piacenza ITA"]
[Date "2014.04.13"]
[Round "5"]
[White "Biselli, Fabrizio"]
[Black "Marchesotti, Giovanni"]
[WhiteElo "1465"]
[BlackElo "1541"]
[Result "0-1"]
[PlyCount "92"]
[EventDate "2014.04.11"]

1. e4 d6 2. d4 g6 3. Nc3 Bg7 4. Be3 Nf6 5. f3 O-O 6. Qd2 Nbd7 7. Bh6 c5 8. Bxg7
Kxg7 9. O-O-O cxd4 10. Qxd4 Qb6 11. Qd2 Ne5 12. h4 h5 13. Be2 Be6 14. g4 hxg4
15. h5 Nxh5 16. f4 Nc4 17. Bxc4 Bxc4 18. f5 Rh8 19. Qg5 Nf6 20. Nge2 Bxe2 21.
Nxe2 Nxe4 22. Qxg4 Rxh1 23. Qxe4 Rxd1+ 24. Kxd1 Qxb2 25. fxg6 Qe5 26. Qxb7 Rh8
27. gxf7 Kxf7 28. Qxa7 Rh1+ 29. Kd2 Rh2 30. Qa6 Qd4+ 31. Qd3 Qb4+ 32. c3 Qb2+
33. Ke1 Qa1+ 34. Kd2 Qxa2+ 35. Ke1 Rxe2+ 36. Qxe2 Qxe2+ 37. Kxe2 Ke6 38. c4 Kf5
39. Kf3 e5 40. Ke3 e4 41. Ke2 Kf4 42. Kf2 e3+ 43. Ke1 Ke4 44. Ke2 Kd4 45. Kf3
Kd3 46. Kf4 e2 0-1

[Event "C.to Provinciale PC"]
[Site "Piacenza ITA"]
[Date "2014.04.13"]
[Round "5"]
[White "Speciale, Francesco"]
[Black "Losi, Paolo"]
[WhiteElo "1872"]
[BlackElo "1743"]
[Result "1-0"]
[PlyCount "79"]
[EventDate "2014.04.11"]

1. d4 c5 2. e3 Nf6 3. Nf3 d5 4. b3 Bg4 5. Bb2 e6 6. Nbd2 Nc6 7. h3 Bf5 8. a3 h6
9. Bb5 a6 10. Bxc6+ bxc6 11. Ne5 Qc7 12. O-O cxd4 13. exd4 c5 14. c3 Qb7 15. b4
c4 16. Re1 Bd6 17. Qf3 Qc8 18. Nexc4 dxc4 19. Qxf5 O-O 20. Qf3 Nd5 21. g3 a5
22. Qe2 Nb6 23. Rac1 g6 24. Ne4 Be7 25. Nc5 Bf6 26. Qc2 Kg7 27. Rcd1 Nd5 28.
Qe2 Re8 29. Qxc4 Nc7 30. Qf1 h5 31. b5 g5 32. b6 Rb8 33. b7 Qd8 34. Ba1 g4 35.
Qg2 Rh8 36. h4 Bxh4 37. gxh4 Qxh4 38. Qg3 Qe7 39. c4 Rh6 40. d5+ 1-0

[Event "C.to Provinciale PC"]
[Site "Piacenza ITA"]
[Date "2014.04.13"]
[Round "5"]
[White "Trifoni, Giorgio"]
[Black "Falsetti, Paolo"]
[WhiteElo "1674"]
[BlackElo "1875"]
[Result "0-1"]
[PlyCount "50"]
[EventDate "2014.04.11"]

1. Nf3 Nf6 2. c4 d5 3. cxd5 Nxd5 4. Nc3 Nc6 5. g3 e5 6. Bg2 Be6 7. O-O Bc5 8.
e3 Ndb4 9. Nxe5 Nxe5 10. d4 Qe7 11. dxe5 Rd8 12. Qa4+ c6 13. a3 Nd3 14. b4 Bb6
15. Ne4 Nxe5 16. Bb2 Bd5 17. Qc2 O-O 18. a4 Nc4 19. a5 Bxe3 20. fxe3 Nxb2 21.
Qxb2 Bxe4 22. Bxe4 Qxe4 23. Rfe1 Rd7 24. Qc3 Rd3 25. Qc5 Rd2 0-1

[Event "XXVI Festival A"]
[Site "Arco ITA"]
[Date "2014.10.04"]
[Round "1"]
[White "Ager, Josef"]
[Black "Moratto, Davide"]
[WhiteElo "2125"]
[BlackElo "1796"]
[Result "1-0"]
[PlyCount "121"]
[EventDate "2014.10.04"]

1. Nf3 Nf6 2. d4 d5 3. g3 g6 4. Bg2 Bg7 5. c4 c6 6. Qb3 O-O 7. Nc3 e6 8. Bf4
Nbd7 9. Bd6 Re8 10. c5 b6 11. O-O h6 12. Rac1 a6 13. Rfe1 b5 14. e4 dxe4 15.
Nxe4 Nd5 16. Rcd1 a5 17. a4 b4 18. Ned2 f5 19. Nc4 Ba6 20. Nce5 Rc8 21. Nxg6
Qf6 22. Nf4 Bf8 23. Nxd5 exd5 24. Bf4 Re4 25. Ne5 Rxe1+ 26. Rxe1 Nxe5 27. Bxe5
Qg6 28. Qf3 Re8 29. Bh3 Bc8 30. Bf1 Bg7 31. Qf4 Qg5 32. Re3 Qxf4 33. gxf4 Kh7
34. Be2 Bxe5 35. Rxe5 Rxe5 36. fxe5 Kg6 37. f4 Kf7 38. Kf2 Bd7 39. Kg3 Kg6 40.
Kh4 Kg7 41. Bh5 Kf8 42. Bg6 Kg8 43. e6 Bxe6 44. Be8 Kf8 45. Bxc6 Bf7 46. Bd7
Ke7 47. Bxf5 Be8 48. b3 Kf6 49. Bd3 Ke7 50. Kg4 Kf6 51. f5 Ke7 52. Kf4 Kf6 53.
Be2 Bd7 54. Bf3 Bc6 55. Bh5 Bd7 56. Bf3 Bc6 57. Be2 Kf7 58. Ke5 Ke7 59. f6+ Kd7
60. Bg4+ Ke8 61. Kd6 1-0

[Event "XXVI Festival A"]
[Site "Arco ITA"]
[Date "2014.10.04"]
[Round "1"]
[White "Astengo, Corrado"]
[Black "Sigmund, Ingenuin"]
[WhiteElo "2129"]
[BlackElo "1802"]
[Result "1-0"]
[PlyCount "131"]
[EventDate "2014.10.04"]

1. e4 e6 2. d4 d5 3. Nd2 c5 4. exd5 exd5 5. Ngf3 Nf6 6. Bb5+ Nc6 7. O-O Qb6 8.
Qe2+ Be7 9. Re1 Be6 10. Ng5 Kf8 11. Bxc6 bxc6 12. Nxe6+ fxe6 13. Qxe6 Re8 14.
Nf3 Bd8 15. Qd6+ Be7 16. dxc5 Qxc5 17. Qxc5 Bxc5 18. Rxe8+ Kxe8 19. Ne5 Rf8 20.
Be3 d4 21. Bf4 Nd5 22. Bg3 Rf6 23. Re1 Re6 24. Kf1 Be7 25. Nf3 Rxe1+ 26. Kxe1
c5 27. Kd2 a6 28. a3 Kd7 29. Ne5+ Ke6 30. Nc4 Bg5+ 31. Ke2 Bc1 32. b3 Bg5 33.
Bd6 Nc3+ 34. Kd3 Kd5 35. Bf8 g6 36. g3 Bd8 37. f3 a5 38. a4 Na2 39. Bh6 Nb4+
40. Kd2 Na2 41. Ke2 Nc3+ 42. Kd3 Na2 43. Bd2 Nb4+ 44. Bxb4 cxb4 45. f4 Bc7 46.
Nd2 h6 47. Nf3 Bb6 48. h4 Bc5 49. Ne5 g5 50. hxg5 hxg5 51. Nc4 gxf4 52. gxf4
Be7 53. Nxa5 Bd8 54. Nc4 Be7 55. a5 Bc5 56. Nb6+ Kc6 57. f5 Kb5 58. Nc4 Kc6 59.
Ke4 Be7 60. Ke5 Bc5 61. Ke6 Kc7 62. f6 Bf8 63. f7 Kc6 64. a6 Kc7 65. Ne5 Bc5
66. Nd7 1-0

[Event "XXVI Festival A"]
[Site "Arco ITA"]
[Date "2014.10.04"]
[Round "1"]
[White "Battistella, Stefano"]
[Black "Zenatto, Giuliano"]
[WhiteElo "2045"]
[BlackElo "1732"]
[Result "1-0"]
[PlyCount "46"]
[EventDate "2014.10.04"]

1. c4 c5 2. Nf3 Nf6 3. Nc3 Nc6 4. e3 g6 5. d4 cxd4 6. exd4 e6 7. d5 exd5 8.
cxd5 Qe7+ 9. Be2 Nd8 10. O-O Bg7 11. d6 Qe6 12. Nb5 O-O 13. Nc7 Qf5 14. Nxa8
Re8 15. Nc7 Rf8 16. Be3 b6 17. Qd3 Qxd3 18. Bxd3 Bb7 19. Ne5 Nc6 20. Nxc6 Bxc6
21. Bd4 Ne8 22. Bxg7 Kxg7 23. Nxe8+ Rxe8 1-0

[Event "XXVI Festival A"]
[Site "Arco ITA"]
[Date "2014.10.04"]
[Round "1"]
[White "Bernardi, Ruben"]
[Black "Rondelli, Roberto"]
[WhiteElo "2098"]
[BlackElo "1756"]
[Result "1-0"]
[PlyCount "55"]
[EventDate "2014.10.04"]

1. e4 e6 2. d4 d5 3. Nd2 c5 4. Ngf3 Nf6 5. e5 Nfd7 6. c3 Nc6 7. Bd3 Qb6 8. O-O
cxd4 9. cxd4 Nxd4 10. Nxd4 Qxd4 11. Nf3 Qb6 12. Qa4 Be7 13. Qg4 g6 14. h4 Qb4
15. Qg3 Nc5 16. Bd2 Ne4 17. Bxb4 Nxg3 18. Bxe7 Nxf1 19. Bf6 O-O 20. Kxf1 Bd7
21. Ke2 Rfc8 22. h5 Rc7 23. Rh1 Rac8 24. Kd2 a6 25. Ng5 Be8 26. Nxh7 Bb5 27.
Ng5 Bxd3 28. hxg6 1-0

[Event "XXVI Festival A"]
[Site "Arco ITA"]
[Date "2014.10.04"]
[Round "1"]
[White "Blasco, Domenico"]
[Black "Rotstein, Arkadij"]
[WhiteElo "1899"]
[BlackElo "2499"]
[Result "0-1"]
[PlyCount "78"]
[EventDate "2014.10.04"]

1. d4 Nf6 2. Nf3 e6 3. e3 b6 4. Bd3 Bb7 5. O-O c5 6. b3 cxd4 7. exd4 g6 8. Bb2
Bg7 9. Nbd2 O-O 10. Re1 Nc6 11. a3 Re8 12. Rc1 Rc8 13. c4 d5 14. c5 Nd7 15.
cxb6 Qxb6 16. Ne5 Ncxe5 17. dxe5 Rxc1 18. Qxc1 Rc8 19. Qa1 Ba6 20. Bd4 Qb7 21.
Qb1 Bh6 22. Nf3 Nc5 23. Bxa6 Qxa6 24. Bxc5 Rxc5 25. Qb2 Qd3 26. h3 Rc3 27. Rb1
d4 28. a4 Bf4 29. Ne1 Qe4 30. Nf3 Qd5 31. b4 Bxe5 32. b5 Bc7 33. Rc1 Qc5 34.
Rxc3 dxc3 35. Qc2 Bb6 36. Ne1 e5 37. Nd3 Qd4 38. Kf1 e4 39. Nc1 Qd2 0-1

[Event "XXVI Festival A"]
[Site "Arco ITA"]
[Date "2014.10.04"]
[Round "1"]
[White "Bondielli, Giorgio"]
[Black "Al Hajiri, Bader"]
[WhiteElo "1822"]
[BlackElo "2130"]
[Result "0-1"]
[PlyCount "60"]
[EventDate "2014.10.04"]

1. e4 e5 2. Nf3 Nc6 3. d4 exd4 4. Bc4 Nf6 5. O-O Nxe4 6. Re1 d5 7. Bxd5 Qxd5 8.
Nc3 Qa5 9. Nxe4 Be6 10. Neg5 O-O-O 11. Nxe6 fxe6 12. Rxe6 Bd6 13. Bg5 Rde8 14.
Qe1 Qxe1+ 15. Raxe1 Rxe6 16. Rxe6 Kd7 17. Re4 Re8 18. Rxe8 Kxe8 19. Kf1 Kd7 20.
Ke2 Ke6 21. Kd3 Kd5 22. Bd2 b5 23. a3 a5 24. h3 a4 25. g4 g6 26. h4 Ne5+ 27.
Nxe5 Bxe5 28. c3 c5 29. cxd4 Bxd4 30. f3 Bxb2 0-1

[Event "XXVI Festival A"]
[Site "Arco ITA"]
[Date "2014.10.04"]
[Round "1"]
[White "Bruno, Fabio"]
[Black "Scholz, Herbert"]
[WhiteElo "2422"]
[BlackElo "1897"]
[Result "1-0"]
[PlyCount "81"]
[EventDate "2014.10.04"]

1. d4 Nf6 2. Bg5 e6 3. e3 h6 4. Bh4 b6 5. Nf3 Bb7 6. h3 c5 7. Nbd2 Be7 8. Bd3
cxd4 9. exd4 Nh5 10. Bxe7 Qxe7 11. g3 Nc6 12. c3 a6 13. a4 Nf6 14. O-O O-O 15.
Re1 d6 16. Bf1 Qc7 17. Rc1 e5 18. Nc4 e4 19. Nfd2 Rfe8 20. Ne3 g6 21. Bg2 d5
22. Qe2 Qd6 23. f4 Nh5 24. Ndf1 Rac8 25. Ng4 Kg7 26. Ne5 f5 27. Qf2 b5 28. axb5
axb5 29. g4 fxg4 30. hxg4 Nxf4 31. Qxf4 Rf8 32. Qg3 b4 33. Ne3 bxc3 34. bxc3
Ne7 35. Rf1 Rxf1+ 36. Rxf1 Ba6 37. Rf7+ Kg8 38. Qf2 Bd3 39. Rf6 Qa3 40. Rxg6+
Nxg6 41. Qf7+ 1-0

[Event "XXVI Festival A"]
[Site "Arco ITA"]
[Date "2014.10.04"]
[Round "1"]
[White "Buck, Klaus-Michael"]
[Black "Pipitone, Antonio"]
[WhiteElo "1679"]
[BlackElo "1955"]
[Result "0-1"]
[PlyCount "62"]
[EventDate "2014.10.04"]

1. b4 e5 2. a3 d5 3. Bb2 Bd6 4. e3 Nf6 5. c4 c6 6. Nf3 Nbd7 7. cxd5 cxd5 8. Nc3
a6 9. Qb3 Nb6 10. Na4 Nxa4 11. Qxa4+ Bd7 12. Qb3 Qe7 13. Be2 O-O 14. h3 Bc6 15.
b5 axb5 16. Bxb5 Nd7 17. d4 e4 18. Nd2 f5 19. g3 Kh8 20. a4 Ra7 21. Ba3 Bxa3
22. Bxc6 bxc6 23. Qxa3 Qxa3 24. Rxa3 Rfa8 25. O-O Rxa4 26. Rc3 Ra2 27. Rd1 Rc8
28. Nf1 Nb6 29. Nd2 Na4 30. Rb3 c5 31. Nf1 c4 0-1

[Event "XXVI Festival A"]
[Site "Arco ITA"]
[Date "2014.10.04"]
[Round "1"]
[White "Catalfamo, Santo"]
[Black "Goli, Daniele"]
[WhiteElo "1696"]
[BlackElo "1973"]
[Result "0-1"]
[PlyCount "52"]
[EventDate "2014.10.04"]

1. b3 d5 2. Bb2 Nf6 3. Nf3 Nc6 4. e3 Bg4 5. Bb5 e6 6. h3 Bxf3 7. Qxf3 Bd6 8. d3
O-O 9. Bxc6 bxc6 10. Bxf6 gxf6 11. g4 a5 12. c3 a4 13. b4 c5 14. a3 cxb4 15.
cxb4 c5 16. bxc5 Bxc5 17. d4 Be7 18. O-O Qa5 19. Qe2 Rfc8 20. Ra2 Rab8 21. Rc2
Rxc2 22. Qxc2 Rb3 23. Rc1 Qb5 24. Nc3 Qc4 25. Qd2 Bxa3 26. Rc2 Bb4 0-1

[Event "XXVI Festival A"]
[Site "Arco ITA"]
[Date "2014.10.04"]
[Round "1"]
[White "Dalla Vecchia, Paolo"]
[Black "Drasko, Milan"]
[WhiteElo "1897"]
[BlackElo "2434"]
[Result "0-1"]
[PlyCount "62"]
[EventDate "2014.10.04"]

1. d4 e6 2. Nf3 Nf6 3. Bg5 c5 4. e3 Be7 5. Bd3 b6 6. Nbd2 Bb7 7. Qe2 Nd5 8.
Bxe7 Qxe7 9. c3 cxd4 10. Nxd4 O-O 11. O-O d6 12. Rad1 a6 13. g3 g6 14. c4 Nf6
15. e4 Nbd7 16. f4 e5 17. Nc2 exf4 18. Rxf4 Rae8 19. Rdf1 d5 20. e5 Nh5 21. Rh4
Qc5+ 22. Rf2 Rxe5 23. Qg4 dxc4 24. Bxc4 Qc6 25. Qf3 Qxf3 26. Nxf3 Re7 27. Ng5
Ne5 28. Re2 h6 29. Nxf7 Nf3+ 30. Kf2 Rexf7 31. Rxh5 gxh5 0-1

[Event "XXVI Festival A"]
[Site "Arco ITA"]
[Date "2014.10.04"]
[Round "1"]
[White "De Nisi, Giuseppe"]
[Black "Knors, Rudi"]
[WhiteElo "1771"]
[BlackElo "2099"]
[Result "0-1"]
[PlyCount "104"]
[EventDate "2014.10.04"]

1. d4 d5 2. c4 c6 3. cxd5 cxd5 4. Nc3 Nf6 5. f3 e6 6. Bg5 Nc6 7. e3 Be7 8. Bb5
Bd7 9. Nge2 a6 10. Bd3 Nh5 11. Bxe7 Nxe7 12. O-O Ng6 13. f4 f5 14. Nc1 Nf6 15.
Be2 Ne7 16. Nd3 Nc8 17. Ne5 Nd6 18. Qe1 Nfe4 19. Nxe4 Nxe4 20. Rc1 O-O 21. Bd3
Nf6 22. Qh4 Bb5 23. Bxb5 axb5 24. a3 Qa5 25. Qe1 Qxe1 26. Rfxe1 Rfc8 27. h3 Ne4
28. Nd7 Nd6 29. Nb6 Rxc1 30. Rxc1 Ra6 31. Nd7 Nc4 32. Ne5 h6 33. Nxc4 bxc4 34.
Kf2 Rb6 35. Rc2 Rb3 36. g4 g5 37. Kf3 Kg7 38. gxf5 exf5 39. fxg5 hxg5 40. Rg2
Kf6 41. Rc2 f4 42. Rc3 Rxb2 43. exf4 Rb3 44. fxg5+ Kxg5 45. Re3 Kh4 46. Ke2
Rxe3+ 47. Kxe3 Kxh3 48. Kf3 Kh4 49. Kf4 Kh5 50. a4 Kg6 51. a5 Kf6 52. Ke3 Kg5
0-1

[Event "XXVI Festival A"]
[Site "Arco ITA"]
[Date "2014.10.04"]
[Round "1"]
[White "De Santis, Alessio"]
[Black "Martinez, Guido"]
[WhiteElo "2263"]
[BlackElo "1856"]
[Result "1-0"]
[PlyCount "105"]
[EventDate "2014.10.04"]

1. d4 Nf6 2. c4 d5 3. Nc3 c6 4. e3 Bf5 5. cxd5 cxd5 6. Qb3 Qd7 7. Nf3 e6 8. Ne5
Qc8 9. Bb5+ Nfd7 10. e4 Bxe4 11. Nxd7 Nxd7 12. Bf4 a6 13. Rc1 Qd8 14. Bxd7+
Qxd7 15. Nxe4 dxe4 16. Rc7 Qxd4 17. Rxb7 Rd8 18. O-O Be7 19. Bc7 Rd7 20. Rb8+
Bd8 21. Bxd8 Rxd8 22. Rxd8+ Qxd8 23. Rd1 Qc7 24. Qa4+ Ke7 25. Qb4+ Kf6 26. Qxe4
Qe5 27. Qh4+ Qg5 28. Qc4 Qb5 29. Qf4+ Ke7 30. a4 Qf5 31. Qd4 Qc2 32. Qb4+ Kf6
33. Qh4+ Kg6 34. Qg4+ Kf6 35. h4 h6 36. Rd7 Qf5 37. Qd4+ Kg6 38. g4 Qb1+ 39.
Kg2 Rb8 40. h5+ Kh7 41. Rxf7 Qxb2 42. Rxg7+ Kh8 43. Qxb2 Rxb2 44. Rg6 Kh7 45.
Rxe6 Rb4 46. Kg3 Rxa4 47. Re7+ Kg8 48. Ra7 Ra1 49. Kf4 Ra2 50. f3 Ra3 51. Ke4
Ra5 52. f4 Kh8 53. Rd7 1-0

[Event "XXVI Festival A"]
[Site "Arco ITA"]
[Date "2014.10.04"]
[Round "1"]
[White "Dieli, Riccardo"]
[Black "Caruso, Augusto"]
[WhiteElo "1857"]
[BlackElo "2264"]
[Result "0-1"]
[PlyCount "62"]
[EventDate "2014.10.04"]

1. Nf3 e6 2. d4 f5 3. g3 Nf6 4. Bg2 Be7 5. O-O O-O 6. c4 d6 7. Nc3 Ne4 8. Nd2
Nxc3 9. bxc3 e5 10. Qb3 Nc6 11. c5+ Kh8 12. cxd6 cxd6 13. d5 Na5 14. Qb4 Qc7
15. Rb1 b6 16. Ba3 Ba6 17. Rfe1 Rac8 18. Rbc1 Nc4 19. Nxc4 Bxc4 20. Qb2 Qb7 21.
Red1 Rc7 22. e4 f4 23. g4 f3 24. Bf1 Qc8 25. h3 Rf4 26. Bxc4 Rxc4 27. Rd3 Rxg4+
28. Kf1 Rf4 29. Ke1 Rcxe4+ 30. Re3 Rxe3+ 31. fxe3 f2+ 0-1

[Event "XXVI Festival A"]
[Site "Arco ITA"]
[Date "2014.10.04"]
[Round "1"]
[White "Dittmar, Peter"]
[Black "Zangrando, Gianpietro"]
[WhiteElo "2293"]
[BlackElo "1864"]
[Result "1/2-1/2"]
[PlyCount "79"]
[EventDate "2014.10.04"]

1. d4 d5 2. c4 c6 3. e3 Nf6 4. Nc3 g6 5. Nf3 Bg7 6. Be2 O-O 7. O-O dxc4 8. Bxc4
Bg4 9. h3 Bf5 10. Nh4 Be4 11. Nxe4 Nxe4 12. Qc2 Nd6 13. Bb3 Na6 14. Rd1 Rc8 15.
Nf3 c5 16. Qe2 c4 17. Bc2 Nb4 18. Bb1 b5 19. e4 Qc7 20. a3 Nc6 21. e5 Nb7 22.
Bf4 Nba5 23. Be4 Nb3 24. Rab1 e6 25. Bg5 Ne7 26. Bf6 Nd5 27. Bxd5 exd5 28. Bxg7
Kxg7 29. Qe3 Qe7 30. Nh2 f5 31. f4 b4 32. axb4 Qxb4 33. e6 Qd6 34. Nf3 Rfe8 35.
Re1 Re7 36. Qe5+ Qxe5 37. Rxe5 Rd8 38. Ng5 Rd6 39. Rbe1 Nxd4 40. Rd1 1/2-1/2

[Event "XXVI Festival A"]
[Site "Arco ITA"]
[Date "2014.10.04"]
[Round "1"]
[White "Fratini, Mauro"]
[Black "Vezzosi, Paolo"]
[WhiteElo "1863"]
[BlackElo "2284"]
[Result "1/2-1/2"]
[PlyCount "105"]
[EventDate "2014.10.04"]

1. d4 Nf6 2. Nf3 c5 3. e3 b6 4. Nbd2 Bb7 5. b3 g6 6. Bb2 Bg7 7. Be2 O-O 8. O-O
Nc6 9. c4 cxd4 10. exd4 d5 11. Re1 Rc8 12. Rb1 Rc7 13. Ne5 dxc4 14. Nxc6 Bxc6
15. bxc4 e6 16. Bf3 Qa8 17. Qb3 Rd8 18. Rbc1 Rcd7 19. Bxc6 Qxc6 20. Nf3 Nh5 21.
d5 exd5 22. Bxg7 Nxg7 23. Ne5 dxc4 24. Nxc6 cxb3 25. Nxd8 Rxd8 26. axb3 Ne6 27.
b4 Rd4 28. Rb1 Rd5 29. Red1 Rb5 30. g3 g5 31. Kf1 g4 32. Ke2 Kg7 33. f4 Rh5 34.
Rh1 Kf6 35. Rb2 Rb5 36. Kd3 Rd5+ 37. Kc3 Nc7 38. Re1 Ne6 39. Re3 a5 40. Rd3
axb4+ 41. Rxb4 Rc5+ 42. Kb2 Rh5 43. Rd2 b5 44. Re4 Rc5 45. Rd6 h5 46. Rb6 h4
47. Re5 Rxe5 48. fxe5+ Kxe5 49. Rxb5+ Ke4 50. gxh4 f5 51. Kc1 f4 52. Kd1 g3 53.
hxg3 1/2-1/2

[Event "XXVI Festival A"]
[Site "Arco ITA"]
[Date "2014.10.04"]
[Round "1"]
[White "Gardini, Enrico"]
[Black "Zucchelli, Massimo"]
[WhiteElo "1850"]
[BlackElo "2190"]
[Result "0-1"]
[PlyCount "84"]
[EventDate "2014.10.04"]

1. c4 c6 2. Nc3 d5 3. d4 e6 4. Nf3 f5 5. Bg5 Nf6 6. e3 Be7 7. Bd3 O-O 8. c5
Nbd7 9. Bf4 Ne4 10. Ne5 Nxe5 11. Bxe4 Nc4 12. Bc2 Nxb2 13. Qe2 Qa5 14. Qd2 Nc4
15. Qd3 b5 16. O-O Na3 17. Bb3 b4 18. Ne2 Qd8 19. Ba4 Qd7 20. Qb3 a5 21. Nc1
Ba6 22. Rd1 Bf6 23. Nd3 Bxd3 24. Rxd3 Rfe8 25. Bd6 Nc4 26. Rc1 Na3 27. f3 Ra7
28. e4 fxe4 29. fxe4 dxe4 30. Rh3 Bxd4+ 31. Kh1 Nb5 32. Qd1 Bf6 33. Bxb5 cxb5
34. c6 Qf7 35. Qe2 g6 36. c7 Raa8 37. Qxb5 Rec8 38. Qb7 Bg5 39. Qxa8 Qe8 40.
Rf1 Rxa8 41. Rf8+ Qxf8 42. Bxf8 Rxf8 0-1

[Event "XXVI Festival A"]
[Site "Arco ITA"]
[Date "2014.10.04"]
[Round "1"]
[White "Giaracuni, Claudio"]
[Black "Karl, Hans"]
[WhiteElo "1776"]
[BlackElo "2105"]
[Result "1/2-1/2"]
[PlyCount "101"]
[EventDate "2014.10.04"]

1. d4 Nf6 2. Nf3 g6 3. Bf4 Bg7 4. c4 d6 5. Nc3 O-O 6. h3 c6 7. e3 Nbd7 8. Be2
Qa5 9. O-O e5 10. dxe5 dxe5 11. Bg5 Re8 12. Bxf6 Nxf6 13. Qc2 Bf5 14. e4 Bd7
15. Rfd1 Rad8 16. a3 Nh5 17. b4 Qc7 18. Na4 Nf4 19. Nc5 Bc8 20. Rxd8 Rxd8 21.
Rd1 b6 22. Rxd8+ Qxd8 23. Nd3 Nxd3 24. Qxd3 Qxd3 25. Bxd3 f6 26. Kf1 Kf7 27.
Ke2 Bh6 28. Kd1 Ke7 29. Kc2 Kd6 30. Nd2 Bxd2 31. Kxd2 f5 32. Ke3 f4+ 33. Kd2 g5
34. Kc3 h5 35. Kb3 f3 36. Bf1 fxg2 37. Bxg2 h4 38. f3 Be6 39. Kc3 a6 40. Bf1 c5
41. b5 axb5 42. cxb5 Bf7 43. Be2 Be8 44. Bc4 Bd7 45. Bf1 Be6 46. Bg2 Ba2 47.
Bf1 Bf7 48. Be2 Be8 49. Bc4 Bd7 50. Bf1 Be6 51. Bg2 1/2-1/2

[Event "XXVI Festival A"]
[Site "Arco ITA"]
[Date "2014.10.04"]
[Round "1"]
[White "Iacchetti, Giovanni"]
[Black "Ziltener, Werner"]
[WhiteElo "1714"]
[BlackElo "1997"]
[Result "0-1"]
[PlyCount "64"]
[EventDate "2014.10.04"]

1. c4 c6 2. Nf3 d5 3. b3 Nf6 4. Bb2 Qb6 5. e3 Bg4 6. Be2 Nbd7 7. Qc2 g6 8. O-O
Bg7 9. d4 O-O 10. Nbd2 Bf5 11. Bd3 Bxd3 12. Qxd3 Rfe8 13. Rac1 e6 14. Rfe1 a5
15. a3 c5 16. cxd5 exd5 17. dxc5 Nxc5 18. Qc2 Nfe4 19. Bxg7 Kxg7 20. Nxe4 Nxe4
21. Nd4 Qf6 22. f3 Nd6 23. Qd3 Rac8 24. b4 Rxc1 25. Rxc1 Qg5 26. Re1 Nc4 27. e4
Qd2 28. Qxd2 Nxd2 29. bxa5 dxe4 30. fxe4 Nxe4 31. Rb1 Rc8 32. Kf1 Nd2+ 0-1

[Event "XXVI Festival A"]
[Site "Arco ITA"]
[Date "2014.10.04"]
[Round "1"]
[White "Joerges, Frank"]
[Black "Mircoli, Filippo"]
[WhiteElo "1949"]
[BlackElo "1641"]
[Result "1/2-1/2"]
[PlyCount "37"]
[EventDate "2014.10.04"]

1. d4 e6 2. Nf3 Nf6 3. e3 c5 4. c3 cxd4 5. exd4 a6 6. a4 d5 7. Bg5 Be7 8. Nbd2
Nc6 9. Bd3 O-O 10. O-O h6 11. Bh4 Bd7 12. Re1 Rc8 13. Qe2 Nh5 14. Bxe7 Nxe7 15.
g3 Nf6 16. Ne5 Qe8 17. f4 Bxa4 18. g4 Bb5 19. Bxb5 1/2-1/2

[Event "XXVI Festival A"]
[Site "Arco ITA"]
[Date "2014.10.04"]
[Round "1"]
[White "Kopischke, Maik"]
[Black "Huemmer, Bernd"]
[WhiteElo "1843"]
[BlackElo "2185"]
[Result "0-1"]
[PlyCount "74"]
[EventDate "2014.10.04"]

1. Nf3 Nf6 2. g3 c6 3. Bg2 d6 4. b3 e5 5. d3 g6 6. Bb2 Bg7 7. O-O O-O 8. e4
Nbd7 9. Nbd2 Qc7 10. Nc4 b5 11. Ne3 Bb7 12. Nh4 Rfe8 13. f4 Qb6 14. Qf3 exf4
15. Qxf4 Rf8 16. Qf2 Nxe4 17. Bxe4 Bxb2 18. Rae1 d5 19. Bg2 Rae8 20. Nf3 Ne5
21. Re2 Nxf3+ 22. Qxf3 Re7 23. Kh1 Qd8 24. Ng4 f5 25. Nf2 Rxe2 26. Qxe2 Re8 27.
Qd2 Bf6 28. Nh3 Qe7 29. Nf4 Qg7 30. Re1 Rxe1+ 31. Qxe1 Qe7 32. Qf2 Bc8 33. h3
Bc3 34. Bxd5+ cxd5 35. Nxd5 Bb7 36. Qg2 Qd7 37. Ne3 Bc8 0-1

[Event "XXVI Festival A"]
[Site "Arco ITA"]
[Date "2014.10.04"]
[Round "1"]
[White "Lezzerini, Marco"]
[Black "Vaccari, Giorgio"]
[WhiteElo "1994"]
[BlackElo "1712"]
[Result "1-0"]
[PlyCount "65"]
[EventDate "2014.10.04"]

1. d4 Nf6 2. c4 e6 3. Nc3 Bb4 4. a3 Bxc3+ 5. bxc3 O-O 6. f3 d5 7. e3 Nbd7 8.
Bd3 dxc4 9. Bxc4 e5 10. Ne2 exd4 11. cxd4 Nb6 12. Bd3 Be6 13. O-O Bc4 14. e4
Bxd3 15. Qxd3 h6 16. Be3 c6 17. Rfb1 Re8 18. a4 Qd7 19. Bf2 Rad8 20. Qb3 Re7
21. Nf4 g5 22. Ng6 Re6 23. Ne5 Qe8 24. a5 Nbd7 25. Qxb7 Nxe5 26. dxe5 Re7 27.
Qb2 Nd7 28. Bxa7 Rxe5 29. Bd4 Rb5 30. Qc3 Rxb1+ 31. Rxb1 Rb8 32. Rc1 Ra8 33.
Qxc6 1-0

[Event "XXVI Festival A"]
[Site "Arco ITA"]
[Date "2014.10.04"]
[Round "1"]
[White "Ludwig, Timm"]
[Black "Hilbenz, Guntram"]
[WhiteElo "1649"]
[BlackElo "1951"]
[Result "0-1"]
[PlyCount "22"]
[EventDate "2014.10.04"]

1. d4 Nf6 2. c4 e6 3. Nc3 Bb4 4. Bd2 c5 5. a3 Bxc3 6. Bxc3 Ne4 7. Nf3 Nxc3 8.
bxc3 Nc6 9. d5 Na5 10. e4 b6 11. Ne5 Qf6 0-1